La Giuria e il giudizio penale davanti la corte d´assise / (Record no. 157033)

MARC details
000 -LEADER
campo de control de longitud fija 00651nam a22002055i 4500
001 - NÚMERO DE CONTROL
campo de control 157033
003 - IDENTIFICADOR DE NÚMERO DE CONTROL
campo de control ES-MaACL
005 - FECHA Y HORA DE LA ÚLTIMA TRANSACCIÓN
campo de control 20250809040934.0
008 - DATOS DE LONGITUD FIJA--INFORMACIÓN GENERAL
campo de control de longitud fija 981116s1886 it |||| | ita d
040 ## - FUENTE DE CATALOGACIÓN
Centro catalogador/agencia de origen CCPB | B
Lengua de catalogación spa
Centro/agencia transcriptor CCPB | B
100 1# - ENTRADA PRINCIPAL--NOMBRE DE PERSONA
Nombre de persona Lanza, Pietro.
9 (RLIN) 128679
245 13 - MENCIÓN DEL TÍTULO
Título La Giuria e il giudizio penale davanti la corte d´assise /
Mención de responsabilidad, etc. Pietro Lanza.
260 ## - PUBLICACIÓN, DISTRIBUCIÓN, ETC.
Lugar de publicación, distribución, etc. Pisa :
Nombre del editor, distribuidor, etc. Nella Tipografia Vannucchi,
Fecha de publicación, distribución, etc. 1886.
300 ## - DESCRIPCIÓN FÍSICA
Extensión 685 p. ;
Dimensiones 23 cm.
504 ## - NOTA DE BIBLIOGRAFÍA, ETC.
Nota de bibliografía, etc. Bibliografía: p. 5-12.
650 #7 - PUNTO DE ACCESO ADICIONAL DE MATERIA--TÉRMINO DE MATERIA
Término de materia o nombre geográfico como elemento de entrada Derecho procesal-
Subdivisión geográfica Italia
Fuente del encabezamiento o término
9 (RLIN) 135901
752 ## - ENTRADA AGREGADA--NOMBRE JERÁRQUICO DEL LUGAR
País o entidad superior Italia -
Ciudad Pisa
852 ## - LOCALIZACIÓN
Ubicación ES-MaACL
Número de control de estantería F-9453
Nota libre -- Enc. pasta
Holdings
Estatus retirado Estado de pérdida Estado de daño No para préstamo Colección Biblioteca de origen Biblioteca actual Ubicación en estantería Fecha de adquisición Fuente de adquisición Total de préstamos Signatura topográfica completa Código de barras Visto por última vez Precio de reemplazo Tipo de ítem Koha
        Libros del s. XIX Biblioteca del Ateneo de Madrid Biblioteca del Ateneo de Madrid Sala Pecera Planta 2 17/01/2008     F-9453 1164301 23/02/2023 23/02/2023 Libro impreso antiguo